Exercices de calcul matriciel et de calcul tensoriel avec leurs solutions
Zapisane w:
| Główni autorzy: | , , |
|---|---|
| Format: | Książka |
| Język: | francuski |
| Wydane: |
París
Eyrolles
1962
|
| Hasła przedmiotowe: | |
| Etykiety: |
Dodaj etykietę
Nie ma etykietki, Dołącz pierwszą etykiete!
|
MARC
| LEADER | 00000cam a2200000 a 4500 | ||
|---|---|---|---|
| 001 | UCF2399 | ||
| 003 | CL-VaPUC | ||
| 008 | 120817e19620000FR |||||||||||||||||fre|d | ||
| 082 | 0 | 4 | |a 512.943 |b DEN |2 21 |
| 100 | |a Denis-Papin, M |e author |9 564015 | ||
| 700 | |a Kaufmann, Arnold |e author |9 479848 | ||
| 700 | 0 | |a Faure, R |e author |9 564017 | |
| 245 | 1 | 0 | |a Exercices de calcul matriciel et de calcul tensoriel avec leurs solutions |
| 300 | |a 173 p | ||
| 942 | |c BK | ||
| 945 | |d 20120817 00:00:00 |a dcastane | ||
| 260 | |a París |b Eyrolles |c 1962 | ||
| 650 | 0 | |a Matrices (Matemáticas) |9 269972 | |
| 650 | 7 | |a TRANSFORMADAS MATEMATICAS |2 CL-VaPUC |9 466070 | |
| 583 | |a last modification |c 20120817 11:35:00 |k Rodrigo Vera | ||
| 999 | |c 348964 |d 348962 | ||
| 952 | |0 0 |1 0 |4 0 |6 512_943000000000000_DEN_1962 |7 0 |8 A |9 451314 |a BIBMAT |b BIBMAT |d 2019-11-22 |i 4889630 |o 512.943 DEN 1962 |p 4889630 |r 2025-01-07 |w 2019-11-22 |y BK |k MAT | ||